Financing strategies for water and environmental infrastructure
Guardado en:
| Formato: | Libro |
|---|---|
| Lenguaje: | inglés |
| Publicado: |
Paris
OECD
2003
|
| Colección: | Environmental finance
|
| Materias: | |
| Etiquetas: |
Sin Etiquetas, Sea el primero en etiquetar este registro!
|
MARC
| LEADER | 00000nam$a2200000$$$4500 | ||
|---|---|---|---|
| 001 | 0018108 | ||
| 005 | 20240315120627.6 | ||
| 020 | |a 92-64-10276-0 | ||
| 041 | 0 | |a eng | |
| 044 | |a FR | ||
| 245 | 1 | 0 | |a Financing strategies for water and environmental infrastructure |
| 264 | 1 | |a Paris |b OECD |c 2003 | |
| 300 | |a 113 s. | ||
| 490 | 1 | |a Environmental finance | |
| 830 | 0 | |a Environmental finance | |
| 610 | 2 | 0 | |a prostredie životné |
| 610 | 2 | 0 | |a voda |
| 610 | 2 | 0 | |a financovanie |
| 610 | 2 | 0 | |a stratégia hospodárska |
| 610 | 2 | 0 | |a údaje štatistické medzinárodné |
| 610 | 2 | 0 | |a porovnanie medzinárodné |
| 610 | 2 | 0 | |a svet |